LIBRARY & INFORMATION CENTRE, KCAET, TAVANUR

ONLINE PUBLIC ACCESS CATALOGUE (OPAC)

Social studies / (Record no. 1696)

MARC details
000 -LEADER
fixed length control field 00408cam a2200169ua 4500
041 ## - LANGUAGE CODE
Language code of text/sound track or separate title eng
082 ## - DEWEY DECIMAL CLASSIFICATION NUMBER
Classification number 300
Item number IBR/SO
100 ## - MAIN ENTRY--AUTHOR NAME
Personal name Ibrahim kunju, A.P .
245 ## - TITLE STATEMENT
Title Social studies /
260 ## - PUBLICATION, DISTRIBUTION, ETC. (IMPRINT)
Place of publication Kozhikode :
Name of publisher Touring book stall ,
Year of publication 1967.
300 ## - PHYSICAL DESCRIPTION
Number of Pages 200 ; .
942 ## - ADDED ENTRY ELEMENTS (KOHA)
Koha item type Books
Holdings
Withdrawn status Lost status Damaged status Home library Current library Date acquired Full call number Accession Number Koha item type
Withdrawn     KAUAET Sanskrit University 07/04/2012 300 10876 Books
free website counter